| 000 | 00751nam a2200205Ia 4500 | ||
|---|---|---|---|
| 999 |
_c35385 _d35385 |
||
| 003 | GCL | ||
| 005 | 20240530102925.0 | ||
| 008 | 140319s9999 xx 000 0 ara d | ||
| 040 |
_aGCL / _cGCL |
||
| 082 | 0 | 4 |
_a015.5691 _bر ب |
| 100 | 1 | _aرشاد الامام | |
| 245 | 1 | 0 |
_aبيبليوغرافية مدينة القدس الشريف : الجزء الثانى باللغة العربية فى الفترة الحديثة والمعاصرة / _cرشاد الامام |
| 260 |
_a[S.N] : _bالمؤسسة الوطنية للترجمة والتحقيق ، _c1990 |
||
| 300 | _a338 ص | ||
| 650 | 0 | 4 | _aالتاريخ الاسلامى |
| 650 | 0 | 4 | _aالقدس |
| 650 | 0 | 4 | _aالمدن |
| 650 | 0 | 4 | _aالببليوجرافيات |
| 942 |
_2ddc _cBK |
||